000 00513mam a22001571 4500
082 _a940.4
_bHAR
100 1 _aLiddell Hart, Basil Henry,
245 0 2 _aA history of the world war, 1914-1918,
_cby Liddell Hart.
260 _aBoston,
_bLittle, Brown,
_c1935.
300 _a635 p.
_bmaps (2 fold)
_c23 cm.
500 _a"First published in 1930 under the title of 'The real war'."
526 _a0
_b0
_c0
_d940_400000000000000_HAR
650 0 _aMCE
_9379
650 0 _aWorld War, 1914-1918.
_928173
942 _2ddc
_cBK
999 _c552434
_d552434